000 00242nam a22001097a 4500
008 130322b xxu||||| |||| 00| 0 eng d
082 _222nd
100 _aTaylor, Clive
245 _aAdvancing English Skills
300 _a320p.
942 _2ddc
_cBK
999 _c154
_d154